Eastern Utah Libraries Catalog: Duchesne, Heber, Roosevelt, & Vernal

The library dragon / (Record no. 408094)

MARC details
000 -LEADER
fixed length control field 02955cgm a22007697i 4500
001 - CONTROL NUMBER
control field on1487765416
003 - CONTROL NUMBER IDENTIFIER
control field OCoLC
005 - DATE AND TIME OF LATEST TRANSACTION
control field 20250522140849.0
007 - PHYSICAL DESCRIPTION FIXED FIELD--GENERAL INFORMATION
fixed length control field vd cvaizu
008 - FIXED-LENGTH DATA ELEMENTS--GENERAL INFORMATION
fixed length control field 250123s2025 xxu017 j vleng d
020 ## - INTERNATIONAL STANDARD BOOK NUMBER
International Standard Book Number 9781666639544
020 ## - INTERNATIONAL STANDARD BOOK NUMBER
International Standard Book Number 1666639540
024 3# - OTHER STANDARD IDENTIFIER
Standard number or code 9781666639544
035 ## - SYSTEM CONTROL NUMBER
System control number (OCoLC)1487765416
037 ## - SOURCE OF ACQUISITION
Source of stock number/acquisition Midwest Tape
Note http://www.midwesttapes.com
040 ## - CATALOGING SOURCE
Original cataloging agency TEFMT
Language of cataloging eng
Description conventions rda
Transcribing agency TEFMT
Modifying agency TEF
-- OCLCO
-- FMG
-- IUK
-- IHY
041 0# - LANGUAGE CODE
Language code of text/sound track or separate title eng
Language code of original and/or intermediate translations of text eng
046 ## - SPECIAL CODED DATES
Beginning or single date created 2025
Source of date edtf
049 ## - LOCAL HOLDINGS (OCLC)
Holding library WACL
050 #4 - LIBRARY OF CONGRESS CALL NUMBER
Classification number PN1997.2
Item number .L53 2025
082 04 - DEWEY DECIMAL CLASSIFICATION NUMBER
Classification number 791.43/72
Edition number 23/eng/20250128
092 ## - LOCALLY ASSIGNED DEWEY CALL NUMBER (OCLC)
Classification number children movie
Item number Library Dragon
245 04 - TITLE STATEMENT
Title The library dragon /
Statement of responsibility, etc Andy T. Jones.
250 ## - EDITION STATEMENT
Edition statement 30th anniversary edition.
264 #1 - Production, Publication, Distribution, Manufacture, and Copyright Notice.
Place of production, publication, distribution, manufacture [United States] :
Name of producer, publisher, distributor, manufacturer Dreamscape Media,
Date of production, publication, distribution, manufacture, or copyr [2025]
300 ## - PHYSICAL DESCRIPTION
Extent 1 videodisc (17 min.) :
Other physical details sound, color ;
Dimensions 4 3/4 in.
336 ## - Content Type
Content type term two-dimensional moving image
337 ## - Media type
Media type term video
338 ## - Carrier type
Carrier type term videodisc
340 ## - PHYSICAL MEDIUM
Dimensions 4 3/4 in.
500 ## - GENERAL NOTE
General note Title from web page.
500 ## - GENERAL NOTE
General note Based on the book by Carmen Agra Deedy.
500 ## - GENERAL NOTE
General note Originally released as a motion picture in 2025.
500 ## - GENERAL NOTE
General note Wide screen.
511 0# - PARTICIPANT OR PERFORMER NOTE
Participant or performer note Narrator: Carmen Agra Deedy.
520 ## - SUMMARY, ETC.
Summary, etc A funny, playful salute to the value of books and libraries from the bestselling and beloved author Carmen Agra Deedy, perfect for introducing kids to the library!
538 ## - SYSTEM DETAILS NOTE
System details note DVD, wide screen.
546 ## - LANGUAGE NOTE
Language note English dialogue; English subtitles.
650 #0 - SUBJECT ADDED ENTRY--TOPICAL TERM
Topical term or geographic name as entry element Librarians
Form subdivision Juvenile films.
650 #0 - SUBJECT ADDED ENTRY--TOPICAL TERM
Topical term or geographic name as entry element Dragons
Form subdivision Juvenile films.
9 (RLIN) 5763817
650 #0 - SUBJECT ADDED ENTRY--TOPICAL TERM
Topical term or geographic name as entry element Libraries
Form subdivision Juvenile films.
9 (RLIN) 5749583
650 #0 - SUBJECT ADDED ENTRY--TOPICAL TERM
Topical term or geographic name as entry element Books and reading
Form subdivision Juvenile films.
9 (RLIN) 5728818
650 #0 - SUBJECT ADDED ENTRY--TOPICAL TERM
Topical term or geographic name as entry element Schools
Form subdivision Juvenile films.
9 (RLIN) 6388287
650 #0 - SUBJECT ADDED ENTRY--TOPICAL TERM
Topical term or geographic name as entry element Children
Form subdivision Juvenile films.
9 (RLIN) 5727845
650 #1 - SUBJECT ADDED ENTRY--TOPICAL TERM
Topical term or geographic name as entry element School librarians
Form subdivision Drama.
9 (RLIN) 6544935
650 #1 - SUBJECT ADDED ENTRY--TOPICAL TERM
Topical term or geographic name as entry element Librarians
Form subdivision Drama.
9 (RLIN) 5714552
650 #1 - SUBJECT ADDED ENTRY--TOPICAL TERM
Topical term or geographic name as entry element Dragons
Form subdivision Drama.
9 (RLIN) 5715277
650 #1 - SUBJECT ADDED ENTRY--TOPICAL TERM
Topical term or geographic name as entry element Libraries
Form subdivision Drama.
9 (RLIN) 5749584
650 #1 - SUBJECT ADDED ENTRY--TOPICAL TERM
Topical term or geographic name as entry element Books and reading
Form subdivision Drama.
9 (RLIN) 5728821
650 #1 - SUBJECT ADDED ENTRY--TOPICAL TERM
Topical term or geographic name as entry element Schools
Form subdivision Drama.
9 (RLIN) 5731669
650 #6 - SUBJECT ADDED ENTRY--TOPICAL TERM
Topical term or geographic name as entry element Biblioth�ecaires
Form subdivision Films pour la jeunesse.
9 (RLIN) 6544936
650 #6 - SUBJECT ADDED ENTRY--TOPICAL TERM
Topical term or geographic name as entry element Dragons
Form subdivision Films pour la jeunesse.
9 (RLIN) 6497357
650 #6 - SUBJECT ADDED ENTRY--TOPICAL TERM
Topical term or geographic name as entry element Biblioth�eques
Form subdivision Films pour la jeunesse.
9 (RLIN) 6544937
650 #6 - SUBJECT ADDED ENTRY--TOPICAL TERM
Topical term or geographic name as entry element Livres et lecture
Form subdivision Films pour la jeunesse.
9 (RLIN) 6544938
650 #6 - SUBJECT ADDED ENTRY--TOPICAL TERM
Topical term or geographic name as entry element �Ecoles
Form subdivision Films pour la jeunesse.
9 (RLIN) 6544939
650 #6 - SUBJECT ADDED ENTRY--TOPICAL TERM
Topical term or geographic name as entry element Enfance
Form subdivision Films pour la jeunesse.
9 (RLIN) 6544940
655 #7 - INDEX TERM--GENRE/FORM
Genre/form data or focus term children's films.
Source of term aat
655 #7 - INDEX TERM--GENRE/FORM
Genre/form data or focus term Feature films.
Source of term lcgft
655 #7 - INDEX TERM--GENRE/FORM
Genre/form data or focus term Animated films.
Source of term lcgft
655 #7 - INDEX TERM--GENRE/FORM
Genre/form data or focus term Children's films.
Source of term lcgft
655 #7 - INDEX TERM--GENRE/FORM
Genre/form data or focus term Films pour enfants.
Source of term rvmgf
9 (RLIN) 6445745
700 1# - ADDED ENTRY--PERSONAL NAME
Personal name Deedy, Carmen Agra.
Title of a work Library dragon.
9 (RLIN) 6544941
700 1# - ADDED ENTRY--PERSONAL NAME
Personal name Jones, Andy T.,
Relator term film director.
9 (RLIN) 6403496
700 1# - ADDED ENTRY--PERSONAL NAME
Personal name Deedy, Carmen Agra,
Relator term narrator.
9 (RLIN) 35179
710 2# - ADDED ENTRY--CORPORATE NAME
Corporate name or jurisdiction name as entry element Dreamscape Media,
Relator term publisher.
9 (RLIN) 5724383
942 ## - ADDED ENTRY ELEMENTS (KOHA)
Source of classification or shelving scheme Dewey Decimal Classification
Koha item type DVD
Holdings
Withdrawn status Lost status Source of classification or shelving scheme Damaged status Not for loan Collection code Home library Current library Shelving location Date acquired Source of acquisition Total Checkouts Total Renewals Full call number Barcode Date last seen Date checked out Cost, replacement price Price effective from Koha item type
    Dewey Decimal Classification     Children Movies Wasatch County Library Wasatch County Library Audio Visual Area 05/22/2025 Midwest Tape 1 1 E Movie Library Dragon 34301002155390 06/16/2025 06/09/2025 29.24 05/22/2025 DVD
This project was made possible through a grant from the Institute of Museum and Library Service administered by the Utah State Library Division.

Wasatch County Library

  • 465 East 1200 South, Heber City, Utah 84032
  • Phone 435-654-1511 | Fax 435-654-6456

Hours

  • Monday - Friday 9:30 AM - 8:00 PM
  • Saturday 9:30 AM - 1:30 PM
  • Closed Sundays and Holidays